Walden / (Record no. 200468138)

MARC details
000 -LEADER
fixed length control field 01254cam a22003851i 4500
001 - CONTROL NUMBER
control field 200468138
003 - CONTROL NUMBER IDENTIFIER
control field TR-AnTOB
005 - DATE AND TIME OF LATEST TRANSACTION
control field 20260416110235.0
007 - PHYSICAL DESCRIPTION FIXED FIELD--GENERAL INFORMATION
fixed length control field ta
008 - FIXED-LENGTH DATA ELEMENTS--GENERAL INFORMATION
fixed length control field 260416s1964 nyu 000 0 eng d
010 ## - LIBRARY OF CONGRESS CONTROL NUMBER
LC control number 63001173
035 ## - SYSTEM CONTROL NUMBER
System control number 9849074
System control number (OCoLC)966556
040 ## - CATALOGING SOURCE
Original cataloging agency DLC
Language of cataloging eng
Description conventions rda
Transcribing agency CtS
Modifying agency FO
-- DLC
-- TR-AnTOB
041 0# - LANGUAGE CODE
Language code of text/sound track or separate title İngilizce
050 00 - LIBRARY OF CONGRESS CALL NUMBER
Classification number PS3048
Item number .A1 1964
090 ## - LOCALLY ASSIGNED LC-TYPE CALL NUMBER (OCLC); LOCAL CALL NUMBER (RLIN)
Classification number (OCLC) (R) ; Classification number, CALL (RLIN) (NR) PS3048
Local cutter number (OCLC) ; Book number/undivided call number, CALL (RLIN) .A1 1964 TıpFaK
100 1# - MAIN ENTRY--PERSONAL NAME
Personal name Thoreau, Henry David,
Dates associated with a name 1817-1862
Relator term author
9 (RLIN) 44703
245 10 - TITLE STATEMENT
Title Walden /
Statement of responsibility, etc. by Henry D. Thoreau.
264 #1 - PRODUCTION, PUBLICATION, DISTRIBUTION, MANUFACTURE, AND COPYRIGHT NOTICE
Place of production, publication, distribution, manufacture New York :
Name of producer, publisher, distributor, manufacturer Houghton Mifflin Company,
Date of production, publication, distribution, manufacture, or copyright notice 1964.
Date of production, publication, distribution, manufacture, or copyright notice ©1964
300 ## - PHYSICAL DESCRIPTION
Extent xvi, 265 pages ;
Dimensions 21 cm
336 ## - CONTENT TYPE
Content type term text
Content type code txt
Source rdacontent
337 ## - MEDIA TYPE
Media type term unmediated
Media type code n
Source rdamedia
338 ## - CARRIER TYPE
Carrier type term volume
Carrier type code nc
Source rdacarrier
600 10 - SUBJECT ADDED ENTRY--PERSONAL NAME
Personal name Thoreau, Henry David,
Dates associated with a name 1817-1862
General subdivision Homes and haunts
Geographic subdivision Massachusetts
-- Walden Woods.
9 (RLIN) 95425
650 #0 - SUBJECT ADDED ENTRY--TOPICAL TERM
Topical term or geographic name entry element Wilderness areas
Geographic subdivision Massachusetts
-- Walden Woods.
9 (RLIN) 95426
Topical term or geographic name entry element Natural history
Geographic subdivision Massachusetts
-- Walden Woods.
Topical term or geographic name entry element Authors, American
Chronological subdivision 19th century
Form subdivision Biography
9 (RLIN) 35019
Topical term or geographic name entry element Solitude.
651 #0 - SUBJECT ADDED ENTRY--GEOGRAPHIC NAME
Geographic name Walden Woods (Mass.)
General subdivision Social life and customs.
942 ## - ADDED ENTRY ELEMENTS (KOHA)
Source of classification or shelving scheme Library of Congress Classification
Koha item type Book
Holdings
Withdrawn status Lost status Source of classification or shelving scheme Damaged status Not for loan Collection code Home library Current library Shelving location Date acquired Source of acquisition Inventory number Total Checkouts Full call number Barcode Date last seen Date shelved Koha item type Public note
    Library of Congress Classification Kullanılmış / Used Ödünç Verilemez-Kurumiçi kullanım / Not for loan-For inhouse use Genel Koleksiyon Tıp Fakültesi Medikal Kütüphane Tıp Fakültesi Medikal Kütüphane Genel Koleksiyon / Main Collection 16/04/2026 Bağış / Donation İDE   PS3048 .A1 1964 TıpFaK TF03124 16/04/2026 16/04/2026 Book Donated by Prof. Dr. Şükrü Cin.
Devinim Yazılım Eğitim Danışmanlık tarafından Koha'nın orjinal sürümü uyarlanarak geliştirilip kurulmuştur.